<?xml version="1.0" encoding="UTF-8"?>
<record
    xmlns:xsi="http://www.w3.org/2001/XMLSchema-instance"
    xsi:schemaLocation="http://www.loc.gov/MARC21/slim http://www.loc.gov/standards/marcxml/schema/MARC21slim.xsd"
    xmlns="http://www.loc.gov/MARC21/slim">

  <leader>01091nam a2200217   4500</leader>
  <controlfield tag="005">20241105111939.0</controlfield>
  <controlfield tag="007">ta</controlfield>
  <controlfield tag="008">241030e2024    dr fx|p|r||||||0| 0 spa d</controlfield>
  <datafield tag="040" ind1=" " ind2=" ">
    <subfield code="a">DO-SdBNP</subfield>
    <subfield code="c">BNPHU</subfield>
    <subfield code="e">rda</subfield>
  </datafield>
  <datafield tag="041" ind1=" " ind2=" ">
    <subfield code="h">spa</subfield>
  </datafield>
  <datafield tag="110" ind1=" " ind2=" ">
    <subfield code="a">Cooperativa M&#xE9;dica de Santiago de Servicios M&#xFA;ltiples</subfield>
    <subfield code="9">73182</subfield>
  </datafield>
  <datafield tag="245" ind1=" " ind2=" ">
    <subfield code="a">Pinitos saludables : </subfield>
    <subfield code="b">bolet&#xED;n informativo de la Cooperativa M&#xE9;dica de Santiago /</subfield>
    <subfield code="c">Cooperativa M&#xE9;dica de Santiago</subfield>
  </datafield>
  <datafield tag="260" ind1=" " ind2=" ">
    <subfield code="a">Santiago de los Caballeros, Rep&#xFA;blica Dominicana :</subfield>
    <subfield code="b">Cooperativa M&#xE9;dica de Santiago, </subfield>
    <subfield code="c">2024.</subfield>
  </datafield>
  <datafield tag="300" ind1=" " ind2=" ">
    <subfield code="a">volumen : </subfield>
    <subfield code="b">ilustraciones, fotograf&#xED;as ; </subfield>
    <subfield code="c">28 cm. </subfield>
  </datafield>
  <datafield tag="310" ind1=" " ind2=" ">
    <subfield code="a">semestral.</subfield>
  </datafield>
  <datafield tag="362" ind1=" " ind2=" ">
    <subfield code="a">Enero-junio 2024.</subfield>
  </datafield>
  <datafield tag="500" ind1=" " ind2=" ">
    <subfield code="a">Donado por: Editora B&#xFA;ho.</subfield>
  </datafield>
  <datafield tag="520" ind1=" " ind2=" ">
    <subfield code="a">Bolet&#xED;n Informativo y Educativo &#x201C;Pinitos Saludables&#x201D;, canal de comunicaci&#xF3;n cuyo contenido te mantendr&#xE1; informado de las m&#xFA;ltiples actividades, acciones y proyectos que desde el Plan Estrat&#xE9;gico desarrolla la instituci&#xF3;n cooperativista.</subfield>
  </datafield>
  <datafield tag="650" ind1=" " ind2="0">
    <subfield code="a">Sociedades cooperativas</subfield>
    <subfield code="z">Rep&#xFA;blica Dominicana</subfield>
    <subfield code="9">76723</subfield>
    <subfield code="v">Publicaciones peri&#xF3;dicas </subfield>
  </datafield>
  <datafield tag="942" ind1=" " ind2=" ">
    <subfield code="2">ddc</subfield>
    <subfield code="c">ISSUE</subfield>
  </datafield>
  <datafield tag="952" ind1=" " ind2=" ">
    <subfield code="0">0</subfield>
    <subfield code="1">0</subfield>
    <subfield code="2">ddc</subfield>
    <subfield code="4">0</subfield>
    <subfield code="5">6</subfield>
    <subfield code="7">0</subfield>
    <subfield code="8">SE</subfield>
    <subfield code="a">BNPHU</subfield>
    <subfield code="b">BNPHU</subfield>
    <subfield code="d">2024-10-30</subfield>
    <subfield code="h">Enero-junio 2024</subfield>
    <subfield code="l">0</subfield>
    <subfield code="p">2024-6276</subfield>
    <subfield code="r">2024-10-30</subfield>
    <subfield code="t">e.1</subfield>
    <subfield code="w">2024-10-30</subfield>
    <subfield code="y">ISSUE</subfield>
  </datafield>
  <datafield tag="952" ind1=" " ind2=" ">
    <subfield code="0">0</subfield>
    <subfield code="1">0</subfield>
    <subfield code="2">ddc</subfield>
    <subfield code="4">0</subfield>
    <subfield code="5">6</subfield>
    <subfield code="7">0</subfield>
    <subfield code="8">SE</subfield>
    <subfield code="a">BNPHU</subfield>
    <subfield code="b">BNPHU</subfield>
    <subfield code="d">2024-10-30</subfield>
    <subfield code="h">Enero-junio 2024</subfield>
    <subfield code="l">0</subfield>
    <subfield code="p">2024-6277</subfield>
    <subfield code="r">2024-10-30</subfield>
    <subfield code="t">e.2</subfield>
    <subfield code="w">2024-10-30</subfield>
    <subfield code="y">ISSUE</subfield>
  </datafield>
  <datafield tag="952" ind1=" " ind2=" ">
    <subfield code="0">0</subfield>
    <subfield code="1">0</subfield>
    <subfield code="2">ddc</subfield>
    <subfield code="4">0</subfield>
    <subfield code="5">6</subfield>
    <subfield code="7">0</subfield>
    <subfield code="8">SE</subfield>
    <subfield code="a">BNPHU</subfield>
    <subfield code="b">BNPHU</subfield>
    <subfield code="d">2024-10-30</subfield>
    <subfield code="h">Enero-junio 2024</subfield>
    <subfield code="l">0</subfield>
    <subfield code="p">2024-6278</subfield>
    <subfield code="r">2024-10-30</subfield>
    <subfield code="t">e.3</subfield>
    <subfield code="w">2024-10-30</subfield>
    <subfield code="y">ISSUE</subfield>
  </datafield>
  <datafield tag="999" ind1=" " ind2=" ">
    <subfield code="c">57943</subfield>
    <subfield code="d">57943</subfield>
  </datafield>
</record>
